[Event "XV Memorial Bertolini"]
[Site "Genova ITA"]
[Date "2010.06.20"]
[Round "5"]
[White "Salvador, Roland"]
[Black "Rodriguez Alvarez, Alan"]
[WhiteElo "2485"]
[BlackElo "2101"]
[Result "1-0"]
[PlyCount "64"]
[EventDate "2010.06.18"]

1. d4 Nf6 2. Nf3 e6 3. c4 Bb4+ 4. Bd2 Be7 5. Nc3 d5 6. g3 O-O 7. Bg2 c6 8. b3
dxc4 9. bxc4 c5 10. dxc5 Bxc5 11. O-O Nc6 12. Qc1 Qe7 13. Rb1 Rb8 14. Bf4 Bd6
15. Bg5 h6 16. c5 Bc7 17. Bh4 Ne5 18. Ne4 Nxf3+ 19. exf3 Bd8 20. Nxf6+ gxf6 21.
Qxh6 Qxc5 22. Rbd1 Be7 23. Bxf6 Bxf6 24. Qxf6 Qf5 25. Qe7 e5 26. Rd8 Rxd8 27.
Qxd8+ Kg7 28. Rc1 Qf6 29. Re1 b5 30. Qc7 Ra8 31. f4 Bg4 32. fxe5 Qh6 1-0

[Event "XV Memorial Bertolini"]
[Site "Genova ITA"]
[Date "2010.06.20"]
[Round "5"]
[White "Stoppa, Omar"]
[Black "Okhotnik, Vladimir"]
[WhiteElo "2256"]
[BlackElo "2458"]
[Result "0-1"]
[PlyCount "123"]
[EventDate "2010.06.18"]

1. e4 c5 2. Nf3 Nf6 3. e5 Nd5 4. Nc3 e6 5. Nxd5 exd5 6. d4 Nc6 7. dxc5 Bxc5 8.
Bd3 d6 9. exd6 Qxd6 10. O-O O-O 11. c3 Bb6 12. Qa4 h6 13. Qf4 Qxf4 14. Bxf4 g5
15. Be3 Bxe3 16. fxe3 Re8 17. Rae1 a6 18. b3 Bg4 19. Nd4 Ne5 20. Bf5 Bxf5 21.
Nxf5 Kh7 22. e4 dxe4 23. Rxe4 Rad8 24. Nd4 Kg6 25. Rfe1 f6 26. Kf1 g4 27. R4e2
Rd7 28. Re3 h5 29. h4 Rc8 30. Ne6 Rd2 31. R1e2 Rd1+ 32. Re1 Rxe1+ 33. Kxe1 b5
34. Nf4+ Kf7 35. Nxh5 Rh8 36. Ng3 Rxh4 37. c4 bxc4 38. bxc4 Rh8 39. Ra3 Ra8 40.
c5 Ke6 41. Ne4 f5 42. Nd6 f4 43. Nb5 Kd7 44. Nd4 a5 45. Rb3 Re8 46. Kf1 Kc7 47.
c6 a4 48. Rb7+ Kd6 49. c7 Nd3 50. Rb1 Kxc7 51. Rd1 Nb4 52. Ne2 Re4 53. Nc3 Rc4
54. Nxa4 Nc2 55. Nb2 Ne3+ 56. Kg1 Rc2 57. Rb1 Rxg2+ 58. Kh1 g3 59. Nd3 f3 60.
Rc1+ Kd6 61. Rb1 Rh2+ 62. Kg1 0-1

[Event "VI Festival A"]
[Site "Vanzaghello ITA"]
[Date "2010.05.21"]
[Round "1"]
[White "Capuzzimati, Fausto"]
[Black "Novi', Giuseppe"]
[Result "1-0"]
[WhiteElo "1497"]
[BlackElo "1824"]
[PlyCount "53"]
[EventDate "2010.05.21"]

1. d4 e6 2. c4 c5 3. e3 Nf6 4. Nc3 a6 5. Nf3 Qc7 6. g3 b6 7. Bg2 Bb7 8. O-O Be7
9. Re1 Ne4 10. Qc2 f5 11. Ne5 Nxc3 12. Bxb7 Ne2+ 13. Qxe2 Qxb7 14. Qh5+ g6 15.
Nxg6 hxg6 16. Qxh8+ Kf7 17. Qh7+ Ke8 18. Qxg6+ Kd8 19. e4 Nc6 20. Bf4 d6 21.
Rad1 Nxd4 22. Rxd4 cxd4 23. Qxe6 fxe4 24. Rxe4 Qd7 25. Qg8+ Qe8 26. Qxe8+ Kxe8
27. Bxd6 1-0

[Event "VI Festival A"]
[Site "Vanzaghello ITA"]
[Date "2010.05.21"]
[Round "1"]
[White "Carbone, Lorenzo"]
[Black "Ranfagni, Stefano"]
[Result "0-1"]
[WhiteElo "1683"]
[BlackElo "2011"]
[PlyCount "50"]
[EventDate "2010.05.21"]

1. e4 e6 2. Nf3 d5 3. exd5 exd5 4. d4 Bd6 5. Bd3 Ne7 6. O-O Nbc6 7. a3 Bg4 8.
Nc3 Nxd4 9. Be2 Nxe2+ 10. Qxe2 O-O 11. h3 Bh5 12. Qd3 c6 13. Bg5 Bg6 14. Qd2
Qc7 15. Rfe1 f6 16. Be3 Nf5 17. Nd1 Rfe8 18. g4 Nxe3 19. Nxe3 Bf4 20. c3 Re4
21. Nh4 Rae8 22. Nxg6 hxg6 23. Kg2 Qe5 24. Kf3 Bg5 25. Ra2 Qh2 0-1

[Event "VI Festival A"]
[Site "Vanzaghello ITA"]
[Date "2010.05.21"]
[Round "1"]
[White "Guzzetti, Luigi Enrico"]
[Black "Doronzo, Giacomo"]
[Result "1-0"]
[WhiteElo "1880"]
[BlackElo "1559"]
[PlyCount "53"]
[EventDate "2010.05.21"]

1. e4 e5 2. Nf3 Nc6 3. Bb5 Nd4 4. Nxd4 exd4 5. O-O g6 6. d3 Bg7 7. Nd2 Ne7 8.
f4 O-O 9. Nf3 a6 10. Bc4 b5 11. Bb3 Bb7 12. Bd2 c5 13. a4 d5 14. axb5 axb5 15.
Qe2 c4 16. Ba2 dxe4 17. Ne5 e3 18. Bb4 Bxe5 19. fxe5 Qc7 20. Bd6 Qd7 21. dxc4
Ba6 22. cxb5 Bxb5 23. Bxf7+ Rxf7 24. Rxa8+ Kg7 25. Rxf7+ Kxf7 26. Qf3+ Kg7 27.
Qf8# 1-0

[Event "VI Festival A"]
[Site "Vanzaghello ITA"]
[Date "2010.05.21"]
[Round "1"]
[White "Lucchese, Paolo"]
[Black "Loi, Alberto"]
[Result "1-0"]
[WhiteElo "1959"]
[BlackElo "1640"]
[PlyCount "35"]
[EventDate "2010.05.21"]

1. e4 e5 2. Nf3 Nc6 3. Bc4 Nf6 4. d4 exd4 5. O-O Bc5 6. e5 d5 7. exf6 dxc4 8.
fxg7 Rg8 9. Re1+ Be6 10. Ng5 Qf6 11. Nxe6 fxe6 12. Qh5+ Kd7 13. Qxc5 Rxg7 14.
Nd2 Rag8 15. g3 Rg5 16. Ne4 Qf5 17. Bxg5 Ne5 18. Nf6+ 1-0

[Event "VI Festival A"]
[Site "Vanzaghello ITA"]
[Date "2010.05.21"]
[Round "1"]
[White "Madaschi, Sergio"]
[Black "Crepaldi, Marco"]
[Result "0-1"]
[WhiteElo "1570"]
[BlackElo "1885"]
[PlyCount "62"]
[EventDate "2010.05.21"]

1. e4 c5 2. Nf3 d6 3. d4 cxd4 4. Nxd4 Nf6 5. Nc3 a6 6. Bg5 e6 7. f4 Qc7 8. Qd2
Nbd7 9. O-O-O b5 10. a3 Bb7 11. Qe2 Rc8 12. Rg1 Nb6 13. Bxf6 gxf6 14. Qh5 Qc5
15. Be2 Ke7 16. Qxc5 Rxc5 17. Nb3 Rc7 18. Kb1 Bg7 19. Bd3 Rhc8 20. Ne2 Nc4 21.
g4 f5 22. exf5 Bxb2 23. fxe6 fxe6 24. Bxh7 Bg7 25. Ka2 Rh8 26. Bg6 Rxh2 27.
Ned4 Ne3 28. Rde1 Bd5 29. Nxe6 Kxe6 30. Rxe3+ Kd7 31. Bf5+ Kd8 0-1

[Event "VI Festival A"]
[Site "Vanzaghello ITA"]
[Date "2010.05.21"]
[Round "1"]
[White "Messina, Gianmaria"]
[Black "Lai, Daniela"]
[Result "0-1"]
[WhiteElo "1792"]
[BlackElo "1353"]
[PlyCount "82"]
[EventDate "2010.05.21"]

1. Nf3 Nf6 2. d4 d6 3. Nbd2 g6 4. e4 Bg7 5. Bd3 O-O 6. O-O Nbd7 7. Re1 Re8 8.
Nf1 e5 9. c3 c6 10. Bg5 Qc7 11. Qd2 b6 12. Ng3 Bb7 13. Bh6 a5 14. Nf5 Bh8 15.
h3 Nh5 16. Ne3 d5 17. Qc2 Nf4 18. Bxf4 exf4 19. Ng4 Bg7 20. e5 h5 21. Ngh2 Rac8
22. Bxg6 fxg6 23. Qxg6 Nf8 24. Qxh5 Qf7 25. Qg4 Rcd8 26. Ng5 Qg6 27. Qxf4 Bh6
28. Nhf3 Ne6 29. Qg4 Nxg5 30. Nh4 Qf7 31. f4 Bc8 32. Qg3 Qg7 33. fxg5 Qxg5 34.
Qxg5+ Bxg5 35. Nf3 Bh6 36. Nh4 Kh7 37. g4 Rg8 38. Re2 Bxg4 39. hxg4 Rxg4+ 40.
Ng2 Rdg8 41. Rf1 Rh4 0-1

[Event "VI Festival A"]
[Site "Vanzaghello ITA"]
[Date "2010.05.21"]
[Round "1"]
[White "Nipote, Mario"]
[Black "Raselli, Claudio"]
[Result "0-1"]
[WhiteElo "1607"]
[BlackElo "1950"]
[PlyCount "78"]
[EventDate "2010.05.21"]

1. d4 e6 2. c4 f5 3. Nc3 Nf6 4. Bg5 Be7 5. e3 O-O 6. Bd3 d5 7. Nf3 c6 8. O-O
Ne4 9. Bxe7 Qxe7 10. Rc1 Nd7 11. Bb1 b6 12. cxd5 exd5 13. Re1 Bb7 14. a3 g5 15.
h3 g4 16. hxg4 fxg4 17. Nh2 Nxf2 18. Qc2 Qh4 19. Ne2 Ne4 20. Rf1 g3 21. Nxg3
Nxg3 22. Rf3 Ne4 23. Qe2 Rxf3 24. Qxf3 Rf8 25. Qe2 Rf2 26. Qg4+ Qxg4 27. Nxg4
Rxb2 28. Bxe4 dxe4 29. Rc3 h5 30. Nf2 Nf6 31. Nh3 Nd5 32. Rc1 Nxe3 33. Nf4 Nf5
34. Nxh5 Nxd4 35. Re1 c5 36. Nf6+ Kg7 37. Nxe4 Ne2+ 38. Kf1 Bxe4 39. Rxe2 Bd3
0-1

[Event "VI Festival A"]
[Site "Vanzaghello ITA"]
[Date "2010.05.21"]
[Round "1"]
[White "Palminteri, Vincenzo"]
[Black "Marchesotti, Giovanni"]
[Result "1-0"]
[WhiteElo "1893"]
[BlackElo "1591"]
[PlyCount "71"]
[EventDate "2010.05.21"]

1. e4 d6 2. d4 g6 3. Be3 Bg7 4. Qd2 c5 5. c3 Nd7 6. Bb5 b6 7. dxc5 dxc5 8. Na3
Qc7 9. O-O-O a6 10. Qd5 Ra7 11. Bc4 e6 12. Qd6 Qxd6 13. Rxd6 Be5 14. Rd2 b5 15.
Be2 Ngf6 16. f3 Ke7 17. Nh3 Bc7 18. Nc2 Bb6 19. Rhd1 Ne5 20. Rd6 Bc7 21. Bxc5
Bxd6 22. Bxd6+ Ke8 23. Bxe5 Ke7 24. Nd4 Bb7 25. Nf4 Raa8 26. g4 Rhd8 27. g5 Nd7
28. Bc7 Rh8 29. Nd3 Rac8 30. Bf4 Rhe8 31. Ne5 Red8 32. Nxd7 Rxd7 33. Nc2 Rxd1+
34. Kxd1 f5 35. Bd3 Rd8 36. Ke2 1-0

[Event "VI Festival A"]
[Site "Vanzaghello ITA"]
[Date "2010.05.21"]
[Round "1"]
[White "Ragoso, Mario"]
[Black "Barlocco, Carlo"]
[Result "0-1"]
[WhiteElo "1745"]
[BlackElo "2156"]
[PlyCount "52"]
[EventDate "2010.05.21"]

1. e4 Nf6 2. e5 Nd5 3. d4 d6 4. Nf3 Nb6 5. Bd3 Nc6 6. c3 g6 7. O-O Bg7 8. exd6
Qxd6 9. Nbd2 O-O 10. Ne4 Qd8 11. Bf4 Nd5 12. Bg3 h6 13. Re1 f5 14. c4 Ndb4 15.
Nc5 f4 16. Bxg6 fxg3 17. hxg3 Nxd4 18. Ne5 Qd6 19. Qh5 Bf5 20. Nxb7 Qb6 21.
Bxf5 Rxf5 22. Qg4 Rg5 23. c5 Rxg4 24. cxb6 Bxe5 25. Rxe5 Nbc6 26. Rh5 axb6 0-1

[Event "VI Festival A"]
[Site "Vanzaghello ITA"]
[Date "2010.05.21"]
[Round "1"]
[White "Rota, Simone"]
[Black "Schingaro, Angelo"]
[Result "1-0"]
[WhiteElo "2019"]
[BlackElo "1714"]
[PlyCount "81"]
[EventDate "2010.05.21"]

1. d4 d5 2. c4 c6 3. Nf3 Nf6 4. e3 e6 5. Nc3 Nbd7 6. Qc2 a6 7. Bd3 dxc4 8. Bxc4
b5 9. Be2 Bb7 10. O-O Be7 11. Rd1 Rc8 12. a3 Qc7 13. b4 e5 14. Ng5 Nd5 15. Nge4
exd4 16. exd4 O-O 17. Bd2 N7f6 18. Bf3 Nxc3 19. Qxc3 Nd5 20. Qc2 h6 21. Rac1
Qd7 22. Nc5 Qc7 23. Bg4 Rcd8 24. Nxb7 Qxb7 25. Qxc6 Qxc6 26. Rxc6 Nf6 27. Bf3
Rxd4 28. Be3 Rxd1+ 29. Bxd1 Rd8 30. Bf3 Rd6 31. Rxd6 Bxd6 32. Bb7 Ng4 33. Bb6
Bxh2+ 34. Kf1 Be5 35. Bxa6 Bb2 36. Bxb5 Bxa3 37. Ba5 g5 38. Be2 Ne5 39. b5 Kf8
40. Bc7 f6 41. b6 1-0

[Event "VI Festival A"]
[Site "Vanzaghello ITA"]
[Date "2010.05.22"]
[Round "2"]
[White "Crepaldi, Marco"]
[Black "Rota, Simone"]
[Result "0-1"]
[WhiteElo "1885"]
[BlackElo "2019"]
[PlyCount "110"]
[EventDate "2010.05.21"]

1. e4 c5 2. Nf3 d6 3. d4 cxd4 4. Nxd4 Nf6 5. Nc3 e6 6. f4 Be7 7. Be2 O-O 8. O-O
Nc6 9. Kh1 Bd7 10. Bf3 Nxd4 11. Qxd4 Qc7 12. e5 Ne8 13. Rd1 Bc6 14. Bxc6 Qxc6
15. exd6 Nxd6 16. Qf2 a6 17. Qe2 Rac8 18. Bd2 Nc4 19. Bc1 Bf6 20. Rd3 Rfd8 21.
Rb1 Rxd3 22. cxd3 Nd6 23. Bd2 Rd8 24. Rd1 Nf5 25. Be1 Bd4 26. Bd2 b5 27. Rc1
Qd7 28. a3 Qe7 29. b4 Bb6 30. Rd1 Qf6 31. g4 Nd4 32. Qf2 Qg6 33. Qg3 Qf6 34.
Be3 Qe7 35. h3 Qb7+ 36. Qg2 Qa7 37. Qf2 Rc8 38. Ne2 Qb7+ 39. Kg1 Nxe2+ 40. Qxe2
h6 41. Kf2 Bxe3+ 42. Kxe3 Rc3 43. Qb2 Rc8 44. Kf2 Qd5 45. Ke3 Re8 46. Qc2 e5
47. f5 Qd4+ 48. Kf3 Qf4+ 49. Kg2 e4 50. Rf1 Qe3 51. dxe4 Qxa3 52. Qb1 Qe3 53.
Re1 Qd2+ 54. Kf3 Rc8 55. Rd1 Rc3+ 0-1

[Event "VI Festival A"]
[Site "Vanzaghello ITA"]
[Date "2010.05.22"]
[Round "2"]
[White "Doronzo, Giacomo"]
[Black "Carbone, Lorenzo"]
[Result "0-1"]
[WhiteElo "1559"]
[BlackElo "1683"]
[PlyCount "82"]
[EventDate "2010.05.21"]

1. d4 d5 2. Nf3 e6 3. c3 Nf6 4. Nbd2 Be7 5. e3 Nbd7 6. Bd3 O-O 7. O-O c5 8. e4
dxe4 9. Nxe4 Nxe4 10. Bxe4 Nf6 11. Bd3 cxd4 12. cxd4 b6 13. Qe2 h6 14. Be3 Bb7
15. Nd2 Rc8 16. Qd1 Bd6 17. f4 Nd5 18. Qe2 Nxe3 19. Qxe3 Be7 20. Nb3 Bd5 21.
Nd2 Bf6 22. Rfd1 Bxa2 23. Nf3 Bd5 24. Be4 a5 25. Rac1 Qd6 26. Ne5 b5 27. Rc5
Bxe4 28. Rxc8 Rxc8 29. Qxe4 Qd5 30. Qxd5 exd5 31. Nd7 Rc4 32. Nxf6+ gxf6 33.
Rd2 Kg7 34. g4 Kg6 35. h3 f5 36. Kf2 fxg4 37. hxg4 f5 38. Kf3 Rb4 39. Rc2 Rb3+
40. Kg2 fxg4 41. Rf2 Kf5 0-1

[Event "VI Festival A"]
[Site "Vanzaghello ITA"]
[Date "2010.05.22"]
[Round "2"]
[White "Lai, Daniela"]
[Black "Lucchese, Paolo"]
[Result "0-1"]
[WhiteElo "1353"]
[BlackElo "1959"]
[PlyCount "72"]
[EventDate "2010.05.21"]

1. e4 c5 2. Nf3 d6 3. Nc3 Nf6 4. d4 cxd4 5. Nxd4 g6 6. Nf3 Nc6 7. Bb5 Bd7 8.
O-O Bg7 9. Re1 O-O 10. Rb1 Rc8 11. a3 Bg4 12. Be2 Bxf3 13. Bxf3 Ne5 14. Be3 a6
15. Be2 Nc4 16. Qd3 Nd7 17. Bc1 Nxa3 18. bxa3 Rxc3 19. Qd1 Rc7 20. Bb2 Bxb2 21.
Rxb2 Qc8 22. Qb1 Nc5 23. f3 Na4 24. Rb4 b5 25. Bd3 Rc3 26. Rc1 Qc5+ 27. Kh1 Rc8
28. Rb3 Rxb3 29. Qxb3 Qc3 30. Qb1 Nb2 31. Re1 Nxd3 32. cxd3 Qxa3 33. h3 b4 34.
Rd1 b3 35. Qa1 Qxa1 36. Rxa1 b2 0-1

[Event "VI Festival A"]
[Site "Vanzaghello ITA"]
[Date "2010.05.22"]
[Round "2"]
[White "Loi, Alberto"]
[Black "Novi', Giuseppe"]
[Result "1-0"]
[WhiteElo "1640"]
[BlackElo "1824"]
[PlyCount "129"]
[EventDate "2010.05.21"]

1. d4 e6 2. c4 c5 3. Nf3 cxd4 4. Nxd4 Nc6 5. e3 Nf6 6. Bd3 g6 7. O-O Bg7 8. Nd2
O-O 9. b3 Nxd4 10. exd4 d5 11. c5 Bd7 12. Re1 b6 13. Ba3 Re8 14. Rc1 Bc6 15.
Nf3 Nd7 16. Ba6 bxc5 17. Bxc5 Qa5 18. Qd3 Nb8 19. Bd6 Qb6 20. Ne5 Bxe5 21. Bxe5
Qxa6 22. Qxa6 Nxa6 23. Rxc6 Nb4 24. Rc7 Rec8 25. a3 Rxc7 26. Bxc7 Nc2 27. Rd1
Nxa3 28. Bd6 Nb5 29. Bc5 Rc8 30. b4 Rc6 31. Kf1 a6 32. Ke1 f6 33. Kd2 Kf7 34.
Re1 Na3 35. f4 Nc4+ 36. Kd3 h6 37. g4 g5 38. fxg5 hxg5 39. h4 gxh4 40. Rh1 Kg6
41. Rxh4 Kg5 42. Rh8 Kxg4 43. Rf8 f5 44. Rg8+ Kf3 45. Rg6 Ne3 46. Be7 Ng4 47.
Bc5 Nf2+ 48. Kd2 Ne4+ 49. Kd3 Nxc5+ 50. dxc5 Kf4 51. Rg1 e5 52. Rf1+ Kg4 53.
Rg1+ Kh3 54. Rg5 Rf6 55. Rg8 e4+ 56. Kd4 f4 57. Kxd5 f3 58. c6 Rxc6 59. Kxc6 f2
60. Rh8+ Kg2 61. Rg8+ Kf3 62. Rf8+ Ke2 63. Kd5 e3 64. Kd4 Kd2 65. Rf3 1-0

[Event "VI Festival A"]
[Site "Vanzaghello ITA"]
[Date "2010.05.22"]
[Round "2"]
[White "Marchesotti, Giovanni"]
[Black "Ragoso, Mario"]
[Result "1/2-1/2"]
[WhiteElo "1591"]
[BlackElo "1745"]
[PlyCount "75"]
[EventDate "2010.05.21"]

1. f4 d6 2. Nf3 c5 3. e3 Nf6 4. b3 a6 5. Bb2 e6 6. Be2 Be7 7. O-O O-O 8. a4 Nc6
9. Na3 Nb4 10. c3 Nbd5 11. Nc2 Qc7 12. c4 Nb6 13. Qc1 Re8 14. Bc3 Nbd7 15. d3
e5 16. fxe5 dxe5 17. e4 Bd6 18. Ne3 Nb8 19. Nh4 Bf8 20. Rf2 Nc6 21. Qf1 Qd6 22.
Nd5 Nxd5 23. cxd5 Nd4 24. Bxd4 exd4 25. Rxf7 Qh6 26. Qf2 Bd6 27. g3 Bh3 28. Ng2
b5 29. Rf1 bxa4 30. bxa4 Rac8 31. Qf3 Rf8 32. Qh5 Qd2 33. Rxf8+ Rxf8 34. Rxf8+
Bxf8 35. Qxh3 Qxe2 36. Qe6+ Kh8 37. Qf5 Kg8 38. Qe6+ 1/2-1/2

[Event "VI Festival A"]
[Site "Vanzaghello ITA"]
[Date "2010.05.22"]
[Round "2"]
[White "Ranfagni, Stefano"]
[Black "Guzzetti, Luigi Enrico"]
[Result "1-0"]
[WhiteElo "2011"]
[BlackElo "1880"]
[PlyCount "137"]
[EventDate "2010.05.21"]

1. e4 c5 2. Nc3 e6 3. g3 Nc6 4. Bg2 Nf6 5. d3 Be7 6. Nge2 O-O 7. O-O d6 8. h3
Bd7 9. Be3 Rc8 10. f4 d5 11. e5 Ne8 12. d4 cxd4 13. Nxd4 Nxd4 14. Bxd4 Bc5 15.
Bxc5 Rxc5 16. Qd4 b6 17. Rfd1 g6 18. Qf2 Ng7 19. Rd2 Qc7 20. Rad1 Bc6 21. Ne2
Nf5 22. g4 Ne7 23. Nd4 Bd7 24. Nb3 Rc4 25. Bf1 Ra4 26. a3 g5 27. Rd4 Rxd4 28.
Nxd4 gxf4 29. Qxf4 Ng6 30. Qf2 Qxe5 31. c3 Qf4 32. Nf3 Ne5 33. Nxe5 Qxe5 34.
Re1 Qg5 35. Qg3 Qe7 36. Bd3 f6 37. Bc2 Kh8 38. Kh2 e5 39. Qd3 Bc6 40. c4 dxc4
41. Qxc4 Qc5 42. Qxc5 bxc5 43. Re2 Rd8 44. Bf5 Kg7 45. Rc2 Rd6 46. Rxc5 e4 47.
Rc3 Kh6 48. Kg3 Kg7 49. Kf4 h5 50. Bxe4 Bxe4 51. Kxe4 hxg4 52. hxg4 Kg6 53. Rc5
a6 54. b4 Re6+ 55. Kf4 Rd6 56. Rc4 Rd3 57. a4 Rb3 58. a5 Rb1 59. Ke4 Rd1 60.
Rd4 Rg1 61. Kd5 Kg5 62. Kc6 Rxg4 63. Rxg4+ Kxg4 64. b5 axb5 65. a6 f5 66. a7 f4
67. a8=Q f3 68. Qa1 Kg3 69. Qg1+ 1-0

[Event "VI Festival A"]
[Site "Vanzaghello ITA"]
[Date "2010.05.22"]
[Round "2"]
[White "Raselli, Claudio"]
[Black "Capuzzimati, Fausto"]
[Result "1-0"]
[WhiteElo "1950"]
[BlackElo "1497"]
[PlyCount "27"]
[EventDate "2010.05.21"]

1. d4 d5 2. Nf3 e6 3. e3 Nf6 4. Bd3 c5 5. b3 cxd4 6. exd4 Nc6 7. Bb2 Bd6 8. O-O
Qc7 9. Nbd2 Bf4 10. a3 Bxd2 11. Qxd2 Ne7 12. Ne5 Ng6 13. Qg5 Bd7 14. h4 1-0

[Event "VI Festival A"]
[Site "Vanzaghello ITA"]
[Date "2010.05.22"]
[Round "2"]
[White "Torretta, Gilberto"]
[Black "Madaschi, Sergio"]
[Result "1-0"]
[WhiteElo "1701"]
[BlackElo "1570"]
[PlyCount "79"]
[EventDate "2010.05.21"]

1. e4 c5 2. Nc3 d6 3. Nf3 Nc6 4. d4 cxd4 5. Nxd4 a6 6. Be3 Nf6 7. f3 e6 8. Qd2
Be7 9. Bd3 Qc7 10. O-O-O O-O 11. g4 b5 12. g5 Nd7 13. f4 Nc5 14. Bxb5 Nxd4 15.
Bxd4 axb5 16. Nxb5 Qc6 17. Bxc5 dxc5 18. Nc3 g6 19. h4 Rd8 20. Qh2 Rxd1+ 21.
Kxd1 Bf8 22. h5 Bg7 23. hxg6 hxg6 24. Kc1 Bb7 25. Rd1 Qc7 26. e5 Bf3 27. Rd3
Bc6 28. Qe2 Bf8 29. Rh3 Rd8 30. Qh2 Bg7 31. Nd1 Be4 32. Rc3 Qd7 33. Qe2 Bf5 34.
Ne3 Be4 35. Nc4 Bc6 36. Nd6 Bd5 37. Rd3 Re8 38. c4 Bc6 39. Ne4 Qe7 40. Nf6+ 1-0

[Event "VI Festival A"]
[Site "Vanzaghello ITA"]
[Date "2010.05.22"]
[Round "3"]
[White "Carbone, Lorenzo"]
[Black "Crepaldi, Marco"]
[Result "0-1"]
[WhiteElo "1683"]
[BlackElo "1885"]
[PlyCount "68"]
[EventDate "2010.05.21"]

1. e4 c5 2. Nf3 d6 3. d4 cxd4 4. Nxd4 Nf6 5. Nc3 a6 6. Be2 e5 7. Nb3 Be7 8. Be3
Be6 9. O-O Nbd7 10. Kh1 b5 11. a3 Qc7 12. f4 O-O 13. Qe1 Nb6 14. Nd2 Rac8 15.
fxe5 dxe5 16. Qg3 Kh8 17. Qf2 Nbd7 18. Nf3 Ng4 19. Qg1 Nxe3 20. Qxe3 Bc5 21.
Qg5 f6 22. Qh4 Nb6 23. Qh5 Nc4 24. Nh4 Bf7 25. Qg4 Ne3 26. Qg3 Nxf1 27. Rxf1
Bd4 28. Nf5 Be6 29. h4 Bxf5 30. Rxf5 Bxc3 31. Rh5 Bxb2 32. Qg6 h6 33. Bg4 Qf7
34. Qf5 g6 0-1

[Event "VI Festival A"]
[Site "Vanzaghello ITA"]
[Date "2010.05.22"]
[Round "3"]
[White "Guzzetti, Luigi Enrico"]
[Black "Torretta, Gilberto"]
[Result "1-0"]
[WhiteElo "1880"]
[BlackElo "1701"]
[PlyCount "49"]
[EventDate "2010.05.21"]

1. e4 e5 2. Nf3 Nc6 3. Bb5 a6 4. Ba4 Nf6 5. O-O b5 6. Bb3 Nxe4 7. Re1 Nc5 8.
Nxe5 Nxe5 9. Rxe5+ Be7 10. Bxf7+ Kf8 11. Bh5 Bb7 12. Rf5+ Kg8 13. Bf7+ Kf8 14.
Bd5+ Bf6 15. Bxb7 Nxb7 16. d4 Nd6 17. Rf3 Ne4 18. Nc3 d5 19. Qe2 Nxc3 20. bxc3
Kf7 21. Qd3 Re8 22. Bg5 Qe7 23. Re3 Qd6 24. Bxf6 Qxf6 25. Rf3 1-0

[Event "VI Festival A"]
[Site "Vanzaghello ITA"]
[Date "2010.05.22"]
[Round "3"]
[White "Loi, Alberto"]
[Black "Schingaro, Angelo"]
[Result "1-0"]
[WhiteElo "1640"]
[BlackElo "1714"]
[PlyCount "115"]
[EventDate "2010.05.21"]

1. d4 d5 2. c4 c6 3. e3 Nf6 4. Nc3 e6 5. Bd3 Nbd7 6. Qc2 a6 7. Nf3 dxc4 8. Bxc4
b5 9. Bd3 Bb7 10. O-O c5 11. dxc5 Nxc5 12. Rd1 Nxd3 13. Rxd3 Qc7 14. Qe2 Be7
15. b3 O-O 16. Bb2 Rad8 17. Rc1 Qb8 18. Rcd1 Rxd3 19. Rxd3 Rd8 20. Rxd8+ Qxd8
21. Qd2 Qc7 22. Kf1 Bxf3 23. gxf3 Qxh2 24. Nd1 Qd6 25. Qc2 Qd7 26. Ke2 h5 27.
Bxf6 Bxf6 28. f4 h4 29. f3 b4 30. Nf2 Qb5+ 31. Nd3 h3 32. Kf1 h2 33. Kg2 Qh5
34. Qd1 Bc3 35. Nf2 Qd5 36. Qxd5 exd5 37. Kxh2 Kf8 38. Nd3 Bd2 39. Kg3 Ke7 40.
Kf2 Kd6 41. Ke2 Bc3 42. e4 f6 43. Nf2 a5 44. Kd3 Kc5 45. Ng4 d4 46. Nf2 Be1 47.
Nh3 Bg3 48. f5 Bc7 49. Ng1 Bf4 50. Ne2 Be3 51. Ng3 Kd6 52. Nf1 Bf2 53. Nd2 Kc5
54. Nc4 Kb5 55. Nd6+ Kc5 56. Ne8 Bg3 57. Nxg7 Bf4 58. Ne6+ 1-0

[Event "VI Festival A"]
[Site "Vanzaghello ITA"]
[Date "2010.05.22"]
[Round "3"]
[White "Lucchese, Paolo"]
[Black "Barlocco, Carlo"]
[Result "0-1"]
[WhiteElo "1959"]
[BlackElo "2156"]
[PlyCount "84"]
[EventDate "2010.05.21"]

1. e4 Nf6 2. e5 Nd5 3. d4 d6 4. Bc4 Nb6 5. e6 Nxc4 6. exf7+ Kxf7 7. Qf3+ Ke8 8.
Qh5+ g6 9. Qb5+ Qd7 10. Qxc4 Qg4 11. Qd5 e6 12. Qf3 Qxd4 13. Ne2 Qb6 14. Nbc3
Bg7 15. O-O Rf8 16. Qh3 Kf7 17. Bh6 Nc6 18. Ne4 Qxb2 19. N2c3 Kg8 20. Rab1 Qa3
21. Rb3 Qa6 22. Ng5 e5 23. Bxg7 Bxh3 24. Bxf8 Rxf8 25. Nxh3 Nd4 26. Rbb1 Qc6
27. Nd1 b6 28. Ne3 h6 29. c4 Nf3+ 30. gxf3 Qxf3 31. Ng5 hxg5 32. Rb3 Qe4 33. h3
Kg7 34. Ng2 Qxc4 35. Rg3 Qxa2 36. Rxg5 Rf5 37. Rg3 c5 38. Ne3 Rf4 39. Ng2 Rf6
40. Ne3 d5 41. Ng4 Rf5 42. Kh2 d4 0-1

[Event "VI Festival A"]
[Site "Vanzaghello ITA"]
[Date "2010.05.22"]
[Round "3"]
[White "Madaschi, Sergio"]
[Black "Messina, Gianmaria"]
[Result "1/2-1/2"]
[WhiteElo "1570"]
[BlackElo "1792"]
[PlyCount "109"]
[EventDate "2010.05.21"]

1. e4 d5 2. exd5 Qxd5 3. Nc3 Qd6 4. Nf3 Nf6 5. d4 a6 6. Be2 b5 7. a3 Bb7 8. O-O
e6 9. h3 Be7 10. Be3 O-O 11. Qd2 Nbd7 12. Rad1 Rfd8 13. Bf4 Qc6 14. Qe3 Nb6 15.
Ne1 Nfd5 16. Nxd5 Nxd5 17. Qg3 Nxf4 18. Qxf4 Qb6 19. c3 Rac8 20. Bf3 c6 21. Nd3
a5 22. Rfe1 b4 23. Rb1 b3 24. Ne5 Bf6 25. Nc4 Qa6 26. Nd6 Ra8 27. Nxb7 Qxb7 28.
Rbd1 a4 29. Qe4 Rd6 30. Re3 Qd7 31. Red3 Ra5 32. Qe2 Bg5 33. Bg4 Rad5 34. Bf3
Ra5 35. c4 Qd8 36. c5 Rd5 37. Bxd5 exd5 38. Re1 Kf8 39. Rf3 Ra7 40. Qd1 Qa5 41.
Qe2 Re7 42. Re3 Bxe3 43. fxe3 Re4 44. Rf1 f6 45. Rf3 Ke7 46. Rf4 Rxf4 47. exf4+
Kf8 48. f5 Qb5 49. Kf2 Qc4 50. Ke3 Qc1+ 51. Qd2 Qg1+ 52. Qf2 Qb1 53. g4 Qe4+
54. Kd2 Qc2+ 55. Ke3 1/2-1/2

[Event "VI Festival A"]
[Site "Vanzaghello ITA"]
[Date "2010.05.22"]
[Round "3"]
[White "Nipote, Mario"]
[Black "Di Chiara, Mauro"]
[Result "0-1"]
[WhiteElo "1607"]
[BlackElo "1935"]
[PlyCount "44"]
[EventDate "2010.05.21"]

1. d4 d6 2. c4 Nf6 3. Nf3 g6 4. Nc3 Bg7 5. e3 O-O 6. Bd3 Nbd7 7. O-O e5 8. dxe5
dxe5 9. b4 e4 10. Nxe4 Nxe4 11. Bd2 Nxd2 12. Qxd2 Bxa1 13. Rxa1 Qf6 14. Rb1 Ne5
15. Be2 Bf5 16. Rc1 Rad8 17. Qc3 Nxf3+ 18. gxf3 Qxc3 19. Rxc3 Rd2 20. e4 Bh3
21. Re3 Rfd8 22. Bf1 Rd1 0-1

[Event "VI Festival A"]
[Site "Vanzaghello ITA"]
[Date "2010.05.22"]
[Round "3"]
[White "Novi', Giuseppe"]
[Black "Doronzo, Giacomo"]
[Result "1-0"]
[WhiteElo "1824"]
[BlackElo "1559"]
[PlyCount "101"]
[EventDate "2010.05.21"]

1. e4 e5 2. Nf3 Nc6 3. Bb5 a6 4. Ba4 b5 5. Bb3 Bc5 6. O-O d6 7. h3 Nge7 8. c3
Bb6 9. d4 exd4 10. cxd4 O-O 11. Bg5 Na5 12. Bc2 f6 13. Bf4 Bb7 14. Qd3 Ng6 15.
Bg3 Qe7 16. Nbd2 Rad8 17. b4 Nc6 18. a3 Kh8 19. Rac1 Nb8 20. Nh4 Nxh4 21. Bxh4
g6 22. Nf3 c5 23. d5 c4 24. Qc3 Nd7 25. Nd4 Ne5 26. Ne6 Kg8 27. Nxd8 Bxd8 28.
f4 Bb6+ 29. Kh2 Nd7 30. Rce1 Qg7 31. Re2 Qh6 32. Bg3 Bc8 33. Rfe1 Bc7 34. a4
Re8 35. axb5 axb5 36. Qa1 Nb6 37. Qxf6 Nd7 38. Qc3 Bd8 39. e5 Qg7 40. Qa3 dxe5
41. fxe5 Bg5 42. e6 Nf6 43. d6 Bd2 44. Rxd2 Bxe6 45. Qf3 Bd7 46. Rde2 c3 47.
Re7 Qh8 48. Be5 Rxe7 49. dxe7 Kf7 50. Bxf6 Qc8 51. Bd4+ 1-0